English idioms and how to use them
Αποθηκεύτηκε σε:
| Κύριος συγγραφέας: | |
|---|---|
| Άλλοι συγγραφείς: | |
| Μορφή: | Βιβλίο |
| Γλώσσα: | English |
| Δημοσίευση: |
Oxford : New York :
Oxford University Press,
1978
|
| Έκδοση: | 4th ed. |
| Θέματα: | |
| Ετικέτες: |
Προσθήκη ετικέτας
Δεν υπάρχουν, Καταχωρήστε ετικέτα πρώτοι!
|
MARC
| LEADER | 00000cam a2200000 i 4500 | ||
|---|---|---|---|
| 001 | 1/23667 | ||
| 008 | 960712s1978 eng d | ||
| 020 | |a 0194327639 | ||
| 035 | |l 10022128 | ||
| 040 | |a GR-MY-UA |b gre |e aacr | ||
| 041 | 0 | |a eng | |
| 082 | 0 | |a 423.1 | |
| 100 | 1 | |a Seidl, Jennifer. | |
| 245 | 1 | 0 | |a English idioms and how to use them |
| 250 | |a 4th ed. |b [by] Jennifer Seidl, W. McMordie | ||
| 260 | |a Oxford : |a New York : |b Oxford University Press, |c 1978 | ||
| 300 | |a [4], 268 p.; |c 20 cm | ||
| 500 | |a Previous ed. by W. McMordie published in 1909, 1913, and 1954 | ||
| 500 | |a Includes indexes | ||
| 650 | 0 | 0 | |a English language |x Idioms. |
| 700 | 1 | |a McMordie, W. | |
| 852 | |a INST |b CHIOS |e 19960712 |h 423.1 SEI |p 005200002099 |q 005200002099 |t REF |y 23 | ||
| 909 | |a Χ |b 004799 | ||